01249nam a2200313 a 4500001001200000003000800012006001900020007001500039008004100054020001800095020001800113040002100131035002100152050002300173100002200196245009600218260006900314300002500383504004100408533015200449650002400601650007300625650003600698650001200734655002900746710001700775856012600792999001700918ebr10323344CaPaEBRm u cr cn|||||||||091006s2006 ii a sb 000 0 eng d z9788122419382 z9788122423013 aCaPaEBRcCaPaEBR a(OCoLC)64681760914aTA157b.N33 2006eb1 aNaagarazan, R. S.10aTextbook on professional ethics and human valuesh[electronic resource] /cR.S. Naagarazan. aNew Delhi :bNew Age International (P) Ltd., Publishers,cc2006. axiii, 169 p. :bill. aIncludes bibliographical references. aElectronic reproduction.bPalo Alto, Calif. :cebrary,d2009.nAvailable via World Wide Web.nAccess may be limited to ebrary affiliated libraries. 0aEngineering ethics. 0aEngineeringxStudy and teaching (Higher)xMoral and ethical aspects. 0aEngineersxProfessional ethics. 0aValues. 7aElectronic books.2local2 aebrary, Inc.40uhttp://site.ebrary.com/lib/rucke/Doc?id=10323344zAn electronic book accessible through the World Wide Web; click to view c54699d54699